Southville International School and Colleges
Your cart is empty.
  • Cart
  • Lists
    Public lists Eva Luna New books Lux_list list_1
    Your lists Log in to create your own lists
  • Log in to your account
  • Your cookies
  • Search history
Southville International School and Colleges
  • Advanced search
  • Recent comments
  • Most popular
  • Libraries

Log in to your account

Log in with GOOGLE


If you do not have an external account, but do have a local account, you can still log in:

  1. Home
  2. MARC view: Big pancake (The).
Normal view MARC view ISBD view

Big pancake (The). (Record no. 112083)

[ view plain ]
MARC details
000 -LEADER
fixed length control field 00413nam a2200169 a 4500
001 - CONTROL NUMBER
control field 2377
005 - DATE AND TIME OF LATEST TRANSACTION
control field 20140414131927.0
008 - FIXED-LENGTH DATA ELEMENTS--GENERAL INFORMATION
fixed length control field 050531s19uu xx 00 eng d
020 ## - INTERNATIONAL STANDARD BOOK NUMBER
International Standard Book Number 983-9072-84-6
050 ## - LIBRARY OF CONGRESS CALL NUMBER
Classification number ER
Item number Bi38 1994
245 ## - TITLE STATEMENT
Title Big pancake (The).
260 ## - PUBLICATION, DISTRIBUTION, ETC. (IMPRINT)
Place of publication, distribution, etc USA :
Name of publisher, distributor, etc Ladybirds books ltd,
Date of publication, distribution, etc 1994.
440 ## - SERIES STATEMENT/ADDED ENTRY--TITLE
Title Key words
650 ## - SUBJECT ADDED ENTRY--TOPICAL TERM
Topical term or geographic name as entry element Fairy tales.
650 ## - SUBJECT ADDED ENTRY--TOPICAL TERM
Topical term or geographic name as entry element Children stories.
Holdings
Withdrawn status Lost status Damaged status Use restrictions Home library Current library Shelving location Date acquired Source of acquisition Total Checkouts Full call number Barcode Date last seen Price effective from Koha item type
        Munich Library Munich Library Easy Reading Section 05/31/2005     ER Bi38 1994 M3111 04/14/2014 04/14/2014 Books

Big pancake (The).

APA

(1994). Big pancake (The). USA: Ladybirds books ltd.

Chicago

1994. Big pancake (The). USA: Ladybirds books ltd.

Harvard

(1994). Big pancake (The). USA: Ladybirds books ltd.

MLA

Big pancake (The). USA: Ladybirds books ltd. 1994.

  • Place hold
  • Print
  • Cite
  • Add to your cart (remove)
  • Save record
    BIBTEX Dublin Core MARCXML MARC (non-Unicode/MARC-8) MARC (Unicode/UTF-8) MARC (Unicode/UTF-8, Standard) MODS (XML) RIS
  • More searches
    Search for this title in:
    Other Libraries (WorldCat) Other Databases (Google Scholar) Online Stores (Bookfinder.com) Open Library (openlibrary.org)

Exporting to Dublin Core...

SOUTHVILLE LIBRARY

Southville International School and Colleges Library

1281 Tropical Ave. Cor. Luxembourg St., BF Homes International, Las Pinas City

Tel. No. 8256374 / 252358 Loc. 117/146

Powered by Koha